| 000 | 00478nam a2200169Ia 4500 | ||
|---|---|---|---|
| 001 | 35698 | ||
| 008 | 161216s1995 ii a g b000 u asm u | ||
| 082 | _a491.4103 | ||
| 100 | _aBarman, Shivnath . | ||
| 245 | 0 |
_aAsamiya vyakaran Abhidhan / _cSivnath Barman. _hTextual Documents |
|
| 250 | _a1st ed. / | ||
| 260 |
_aGuwahati : _bJanki Prakashan , _c1995. |
||
| 300 |
_a141p. : _bill ; _c22cm . |
||
| 653 | _aAssamese Language-Grammar | ||
| 653 | _aG-Languages | ||
| 942 |
_2ddc _cBK |
||
| 999 |
_c35680 _d35680 |
||